000 nam a22 7a 4500
999 _c49265
_d49265
003 OSt
005 20191102112036.0
008 191102b xxu||||| |||| 00| 0 eng d
040 _csero soft
100 _aSrivastava,o.p
245 _aPrinciples of criminal Law
260 _aLucknow
_bEBC
300 _a424
942 _2ddc
_c02